Understanding conflict resolution / (Record no. 600753)
[ view plain ]
| 000 -LEADER | |
|---|---|
| fixed length control field | 00287nam a2200109Ia 4500 |
| 008 - FIXED-LENGTH DATA ELEMENTS--GENERAL INFORMATION | |
| fixed length control field | 230907s9999||||xx |||||||||||||| ||und|| |
| 082 ## - DEWEY DECIMAL CLASSIFICATION NUMBER | |
| Classification number | 327.172 |
| Author Mark | WAL |
| 100 ## - MAIN ENTRY--PERSONAL NAME | |
| Personal name | Wallensteen, Peter, |
| 9 (RLIN) | 116010 |
| 245 #0 - TITLE STATEMENT | |
| Title | Understanding conflict resolution / |
| 300 ## - PHYSICAL DESCRIPTION | |
| Extent | xvi, 336 pages : |
| 942 ## - ADDED ENTRY ELEMENTS (KOHA) | |
| Koha item type | Book |
| Withdrawn status | Lost status | Damaged status | Not for loan | Permanent Location | Current Location | Date acquired | Total Checkouts | Full call number | Barcode | Date last seen | Price effective from | Koha item type |
|---|---|---|---|---|---|---|---|---|---|---|---|---|
| US-Pakistan Center for Advanced Studies in Energy (USPCAS-E) | US-Pakistan Center for Advanced Studies in Energy (USPCAS-E) | 11/05/2019 | 327.172 WAL | CAS-E0004852 | 09/12/2023 | 09/12/2023 | Book |
